| 000 | 00487nam a22001577a 4500 | ||
|---|---|---|---|
| 008 | 140905b xxu||||| |||| 00| 0 eng d | ||
| 020 | _a0406923655 | ||
| 050 | _aKD1715.A52 L44(vol 9) | ||
| 245 |
_aLegal decisions affecting bankers, vol 9, 1967-1976. / _cedited by T.G. Reeday and P.E. Smart |
||
| 260 |
_aStevenage,England: _bPear Tree, _c1987. |
||
| 300 |
_axxii,460p.: _c24cm |
||
| 440 | _vVol 9, 1967-1976 | ||
| 700 | _a Reeday, T.G. | ||
| 700 | _a Smart, P.E. | ||
| 942 |
_2lcc _cBK |
||
| 999 |
_c4378 _d11878 |
||